Primate ecology and conservation / (Record no. 12105)
[ view plain ]
| 000 -LEADER | |
|---|---|
| fixed length control field | 00776cam a2200229 a 4500 |
| 020 ## - INTERNATIONAL STANDARD BOOK NUMBER | |
| ISBN | 0521324513 |
| 020 ## - INTERNATIONAL STANDARD BOOK NUMBER | |
| ISBN | 0521310121 (pbk.) |
| 040 ## - CATALOGING SOURCE | |
| Transcribing agency | DLC |
| 082 00 - DEWEY DECIMAL CLASSIFICATION NUMBER | |
| Classification number | 599.8 s |
| -- | 599 CAM 1986 A032 Or. |
| 110 2# - MAIN ENTRY--CORPORATE NAME | |
| Corporate name or jurisdiction name as entry element | International Primatological Society. |
| 245 10 - TITLE STATEMENT | |
| Title | Primate ecology and conservation / |
| 260 ## - PUBLICATION, DISTRIBUTION, ETC. (IMPRINT) | |
| Place of publication | Cambridge [Cambridgeshire] ; |
| -- | New York : |
| Name of publisher | Cambridge University Press, |
| Year of publication | 1986. |
| 300 ## - PHYSICAL DESCRIPTION | |
| Number of Pages | xii, 393 p. : |
| Other physical details | ill. ; |
| Dimensions | 24 cm. |
| 490 1# - SERIES STATEMENT | |
| Series statement | Selected proceedings of the Tenth Congress of the International Primatological Society ; |
| 650 #0 - SUBJECT ADDED ENTRY--TOPICAL TERM | |
| Topical Term | Primates |
| 650 #0 - SUBJECT ADDED ENTRY--TOPICAL TERM | |
| Topical Term | Wildlife conservation |
| 650 #0 - SUBJECT ADDED ENTRY--TOPICAL TERM | |
| Topical Term | Mammals |
| 700 1# - ADDED ENTRY--PERSONAL NAME | |
| Personal name | Else, James G. |
| 700 1# - ADDED ENTRY--PERSONAL NAME | |
| Personal name | Lee, Phyllis C. |
| 856 42 - ELECTRONIC LOCATION AND ACCESS | |
| Uniform Resource Identifier | http://www.loc.gov/catdir/description/cam032/86008287.html |
| 942 ## - ADDED ENTRY ELEMENTS (KOHA) | |
| Koha item type | សៀវភៅភាសាអង់គ្លេស |
No items available.